Chicago Bulls 2024-2025 Roster - Statistics

General Stats
  • This quiz has been taken 89 times
    46 since last reset
  • The average score is 10 of 18
Answer Stats
Jersey # Answer % Correct
0 Coby White
92%
3 Josh Giddey
83%
2 Lonzo Ball
79%
9 Nikola Vucevic
75%
25 Dalen Terry
67%
14 Matas Buzelis
67%
44 Patrick Williams
67%
11 Ayo Dosunmu
63%
12 Zach Collins
63%
7 Jalen Smith
58%
30 Tre Jones
58%
13 Kevin Huerter
54%
15 Julian Phillips
50%
5 Jevon Carter
38%
22 Talen Horton-Tucker
29%
32 E.J. Liddell
25%
21 Adama Sanogo
8%
20 Emanuel Miller
0%
No matching quizzes found
Score Distribution
Percent of People with Each Score
Percentile by Number Answered
Your Score History
You have not taken this quiz since the last reset